1187 1706 1930 1443 1166 1978 1265 1027 1954 1570 1083 1876 1720 1158 1684 1267 1390 1886 1334 1699 1662 1208 1597 1970 1504 1746 1992 1398 1885 1234 1638 1439 1473 1347 1653 1308 1723 1242 1753 1870 1752 1845 1236 1455 1799 1690 1189 1464 1453 1470 1857 1421 1295 1899 1876 1306 1384 1370 1393 1741 1514 1628 1559 1365 1903 1118 1615 1338 1203 1959 1005 1707 1415 1010 1902 2000 1182 1118 1719 1753 1319 1381 1410 1845 1957 1692 1068 1353 1475 1291 1114 1792 1918 1037 1393 1258 1661 1647 1359 BCNSPRNW ULIB Ver.6.0+V

เปลี่ยนเป็นภาษาไทย

Change to English
 แสดงรายละเอียดบรรณานุกรม
  กลับหน้าหลัก

Brief Record : Get Marc (ISO 2709) : E-mail record : QR code < ปิดหน้าต่าง
LEADER : 00000nam 2200000uu 4500
001    13399128451
003     ULIB
008    230829s2559||||th 000 0 tha d
020    ^a9786164135444
060 04 ^aWY150^bก451
245 00 ^aการดูแลแผลหลักฐานเชิงประจักษ์ และประสบการณ์จากผู้เชี่ยวชาญ =^bWound care for nursing : evidence base to practice /^cบรรณาธิการ จุฬาพร ประสังสิต, กาญจนา รุ่งแสงจันทร์, ยุวรัตน์ ม่วงเงิน
246 31 ^aWound care for nursing : evidence base to practice
250    ^aพิมพ์ครั้งที่ 1
260    ^aกรุงเทพฯ : ^bพี.เอ.ลีฟวิ่ง,^c2559
300    ^aIX, 346 หน้า :^bภาพประกอบ
504    ^aบรรณานุกรมท้ายเรื่อง
504    ^aดัชนีท้ายเล่ม
590    ^aGift-T-62
650  7 ^aบาดแผลและบาดเจ็บ^xการพยาบาล
650  7 ^aผู้ป่วย^xบาดแผลและบาดเจ็บ
700 0  ^aจุฬาพร ประสังสิต,^eบรรณาธิการ
700 0  ^aกาญจนา รุ่งแสงจันทร์,^eบรรณาธิการ
700 0  ^aยุวรัตน์ ม่วงเงิน,^eบรรณาธิการ
945    ^p550^l0^i29654
945    ^p550^l0^i29655
999    ^aกัณชพร จุลอักษร
รายการนี้ยังไม่มีแท็ก
คุณยังไม่ได้ล็อกอิน คุณสามารถมีกิจกรรมร่วมกับเว็บไซต์ได้ แต่ต้องล็อกอินก่อน ::
  ล็อกอิน

รายการสื่อสารสนเทศ

ลำดับที่ ประเภท เลขเรียก/บาร์โค้ด สถานที่ สถานะ
1. หนังสือสำรอง
หนังสือสำรอง
WY150 ก451 ฉ.1 
  Barcode: 29654
ห้องสมุดวิทยาเขตนครสวรรค์
►หนังสือทั่วไป:l:General Books
บนชั้น
2. วิทยาศาสตร์การแพทย์ และสุขภาพ
วิทยาศาสตร์การแพทย์ และสุขภาพ
WY150 ก451 ฉ.2 
  Barcode: 29655
ห้องสมุดวิทยาเขตนครสวรรค์
►หนังสือทั่วไป:l:General Books
บนชั้น

BibComment


ยังไม่เคยถูกคอมเมนท์

คอมเมนท์ทรัพยากรรายการนี้
  คอมเมนท์: การดูแลแผลหลักฐา..


 Copyright 2026. Bcnsprnw @Library